[Event "22nd Reykjavik op"]
[Site "Reykjavik ISL"]
[Date "2006.03.06"]
[Round "1.9"]
[White "Sargissian, Gabriel"]
[Black "Kjartansson, David"]
[WhiteElo "2603"]
[BlackElo "2260"]
[Result "1-0"]
[EventDate "2006.03.06"]
[PlyCount "71"]

1.d4 Nf6 2.c4 g6 3.Nf3 Bg7 4.g3 c6 5.Nc3 d5 6.Qb3 O-O 7.Bg2 dxc4 8.Qxc4 
Qa5 9.O-O Bf5 10.Re1 Ne4 11.Qb3 Nd7 12.Bf4 Qb6 13.Nh4 Qxb3 14.axb3 Nxc3 
15.bxc3 Be6 16.b4 h6 17.Nf3 g5 18.Bc1 Bg4 19.Nd2 Nb6 20.Nb3 e5 21.e3 Nc4 
22.h3 Bc8 23.Bf1 Nd6 24.Bb2 Re8 25.Red1 exd4 26.Nxd4 Ne4 27.g4 a6 28.Bg2 
Bf8 29.Nb3 Nd6 30.Na5 Be6 31.Rd4 Rac8 32.Rad1 c5 33.Rxd6 Bxd6 34.Rxd6 cxb4
35.cxb4 Rc2 36.Bd4 1-0

[Event "22nd Reykjavik op"]
[Site "Reykjavik ISL"]
[Date "2006.03.06"]
[Round "1.12"]
[White "Moskow, Eric"]
[Black "Hamdouchi, Hichem"]
[WhiteElo "2248"]
[BlackElo "2575"]
[Result "0-1"]
[EventDate "2006.03.06"]
[PlyCount "120"]

1.Nf3 Nf6 2.c4 c6 3.Nc3 d5 4.cxd5 cxd5 5.d4 Nc6 6.Bf4 Nh5 7.Bg3 Nxg3 8.
hxg3 a6 9.e3 e6 10.Bd3 Bd6 11.Rc1 Bd7 12.a3 Rc8 13.e4 dxe4 14.Nxe4 Be7 15.
Nc3 Bf6 16.Bb1 g6 17.Ne4 O-O 18.Qd2 Bg7 19.Neg5 h6 20.Ne4 Qa5 21.Rc3 h5 
22.b4 Qb6 23.Rc5 Qd8 24.Nd6 Rc7 25.Qc2 Qe7 26.Ne4 Rfc8 27.Qd2 b6 28.Rc2 
Be8 29.O-O Qd8 30.Rfc1 Ne7 31.Ba2 Rxc2 32.Rxc2 Rxc2 33.Qxc2 Nf5 34.d5 exd5
35.Qd3 Nd4 36.Ned2 Bb5 37.Qe3 Ne2+ 38.Kh2 Nc1 39.Bb1 d4 40.Qe4 Ne2 41.Qb7 
Nc3 42.Bc2 a5 43.bxa5 bxa5 44.Bb3 Be8 45.Qa7 a4 46.Bc4 Bf6 47.Qa6 Kg7 48.
Bd3 Qc7 49.Kg1 Qe7 50.Qc8 Bd7 51.Qc7 Bb5 52.Qxe7 Bxe7 53.Nc4 Bxc4 54.Bxc4 
Bxa3 55.Nxd4 Bc5 56.Nc2 Ne4 57.Bb5 a3 58.Kf1 a2 59.f3 Nxg3+ 60.Ke1 Bd4 0-1

[Event "22nd Reykjavik op"]
[Site "Reykjavik ISL"]
[Date "2006.03.06"]
[Round "1.14"]
[White "Bjarnason, Saevar"]
[Black "Tregubov, Pavel"]
[WhiteElo "2240"]
[BlackElo "2556"]
[Result "0-1"]
[EventDate "2006.03.06"]
[PlyCount "94"]

1.Nf3 c5 2.c4 Nc6 3.g3 e5 4.Nc3 g6 5.Bg2 Bg7 6.a3 d6 7.Rb1 a5 8.d3 Nge7 9.
Bg5 h6 10.Bxe7 Nxe7 11.O-O Nc6 12.Ne1 O-O 13.Nc2 a4 14.Ne3 Nd4 15.Nxa4 
Nxe2+ 16.Qxe2 Rxa4 17.Rfd1 Ra7 18.b4 b6 19.bxc5 bxc5 20.Rb3 f5 21.Rdb1 Kh7
22.Nd5 Qa5 23.h4 h5 24.Qe1 Qxe1+ 25.Rxe1 Be6 26.Reb1 Rff7 27.Nb6 e4 28.
dxe4 Bd4 29.exf5 Bxf5 30.Rf1 Bc2 31.Rf3 Rxf3 32.Bxf3 Rxa3 33.Kg2 Ra2 34.
Bd5 Bd3 35.Re1 Bxf2 36.Re7+ Kh6 37.Kf3 Bd4 38.g4 hxg4+ 39.Kxg4 Ra3 40.Bg8 
Bf5+ 41.Kf4 Be5+ 42.Rxe5 dxe5+ 43.Kxe5 Kh5 44.Kd6 Ra5 45.Bd5 Kxh4 46.Bc6 
g5 47.Na4 g4 0-1

[Event "22nd Reykjavik op"]
[Site "Reykjavik ISL"]
[Date "2006.03.06"]
[Round "1.15"]
[White "Nataf, Igor-Alexandre"]
[Black "Bick, John"]
[WhiteElo "2553"]
[BlackElo "2238"]
[Result "1-0"]
[EventDate "2006.03.06"]
[PlyCount "53"]

1.e4 e5 2.Nf3 Nf6 3.Nxe5 d6 4.Nf3 Nxe4 5.d4 d5 6.Bd3 Bd6 7.O-O O-O 8.c4 c6
9.Qc2 Na6 10.a3 Bg4 11.Ne5 Bxe5 12.dxe5 Nac5 13.f3 Nxd3 14.Qxd3 Nc5 15.Qd4
Nb3 16.Qxg4 Nxa1 17.Bh6 g6 18.Nd2 Qb6+ 19.Kh1 Qxb2 20.Qf4 Rae8 21.cxd5 f5 
22.Bxf8 Kxf8 23.Nc4 Qa2 24.d6 b5 25.d7 Rd8 26.e6 bxc4 27.Qd6+ 1-0

[Event "22nd Reykjavik op"]
[Site "Reykjavik ISL"]
[Date "2006.03.06"]
[Round "1.18"]
[White "Ptacnikova, Lenka"]
[Black "Galego, Luis"]
[WhiteElo "2204"]
[BlackElo "2538"]
[Result "0-1"]
[EventDate "2006.03.06"]
[PlyCount "104"]

1.c4 Nf6 2.g3 e6 3.Bg2 d5 4.Nf3 Be7 5.O-O O-O 6.Qc2 c5 7.d4 cxd4 8.Nxd4 
Nc6 9.Nxc6 bxc6 10.Rd1 Ba6 11.b3 Qb6 12.Be3 Bc5 13.Bxc5 Qxc5 14.Nc3 dxc4 
15.Ne4 Nxe4 16.Bxe4 g6 17.Bd3 Qb4 18.Bxc4 Bxc4 19.Qxc4 Qxc4 20.bxc4 Rfb8 
21.Rab1 a5 22.e3 Rb4 23.Rb3 Ra7 24.Rd8+ Kg7 25.Rxb4 axb4 26.Rb8 c5 27.Rb5 
Rxa2 28.Rxc5 Rc2 29.Kg2 Kf6 30.Rc7 b3 31.Rb7 b2 32.h4 Ke5 33.Kf3 f5 34.Rb6
h6 35.Rb5+ Kd6 36.Kg2 h5 37.Kf3 Kc6 38.e4 fxe4+ 39.Kf4 Rxf2+ 40.Kxe4 Rg2 
41.Kf4 Kd6 42.Kf3 Rc2 43.Ke3 e5 44.Kf3 Ke6 45.Rb8 Rc3+ 46.Kf2 Rc2+ 47.Kf3 
Kd6 48.Rb5 Kc6 49.Ke3 e4 50.Kf4 Re2 51.g4 hxg4 52.Kxg4 Rf2 0-1

[Event "22nd Reykjavik op"]
[Site "Reykjavik ISL"]
[Date "2006.03.06"]
[Round "1.20"]
[White "Salama, Omar"]
[Black "Kveinys, Aloyzas"]
[WhiteElo "2199"]
[BlackElo "2517"]
[Result "0-1"]
[EventDate "2006.03.06"]
[PlyCount "94"]

1.d4 Nf6 2.Nf3 e6 3.Bg5 h6 4.Bh4 d6 5.e3 Nbd7 6.Bd3 g5 7.Bg3 Nh5 8.c4 Bg7 
9.Nc3 f5 10.d5 Nxg3 11.hxg3 Bxc3+ 12.bxc3 Nc5 13.Nd4 Qf6 14.Qh5+ Ke7 15.
Bc2 e5 16.Nf3 Bd7 17.g4 fxg4 18.Nh2 e4 19.O-O Qxc3 20.Rac1 Qe5 21.Nxg4 
Bxg4 22.Qxg4 h5 23.f4 exf3 24.Qxf3 Raf8 25.Qh3 h4 26.Bf5 Qg3 27.Qxg3 hxg3 
28.e4 Rh4 29.Rc3 Nxe4 30.Re3 Kd8 31.Rxe4 Rxf5 32.Rxh4 Rxf1+ 33.Kxf1 gxh4 
34.Ke2 Ke7 35.Kf3 Kf6 36.Kg4 Ke5 37.Kxh4 Kf4 38.a4 c5 39.Kh3 b6 40.Kh4 a6 
41.Kh3 Ke4 42.Kxg3 Kd4 43.Kh4 Kxc4 44.g4 Kxd5 45.Kh5 c4 46.g5 c3 47.g6 Ke6
0-1

[Event "22nd Reykjavik op"]
[Site "Reykjavik ISL"]
[Date "2006.03.06"]
[Round "1.22"]
[White "Pavlovic, Milos"]
[Black "Johnson, Ben"]
[WhiteElo "2494"]
[BlackElo "2189"]
[Result "1-0"]
[EventDate "2006.03.06"]
[PlyCount "71"]

1.Nf3 Nf6 2.g3 g6 3.Bg2 Bg7 4.c4 d6 5.Nc3 O-O 6.O-O e5 7.d4 exd4 8.Nxd4 a5
9.b3 Na6 10.h3 Nc5 11.e4 Re8 12.Re1 Rb8 13.Rb1 Ne6 14.Be3 Nxd4 15.Bxd4 Nh5
16.Bxg7 Nxg7 17.Qd2 b6 18.Rbd1 Bb7 19.f4 Qc8 20.Re3 Ne6 21.a3 Ra8 22.h4 
Qb8 23.Qb2 Nc5 24.h5 Qd8 25.e5 Bxg2 26.Kxg2 c6 27.h6 f6 28.b4 axb4 29.axb4
Nb7 30.Ne4 fxe5 31.fxe5 Re6 32.exd6 Qf8 33.Rf3 Qxh6 34.Nf6+ Rxf6 35.Qxf6 
Qh5 36.Rd2 1-0

[Event "22nd Reykjavik op"]
[Site "Reykjavik ISL"]
[Date "2006.03.06"]
[Round "1.23"]
[White "Thorhallsson, Gylfi"]
[Black "Akesson, Ralf"]
[WhiteElo "2187"]
[BlackElo "2494"]
[Result "0-1"]
[EventDate "2006.03.06"]
[PlyCount "96"]

1.e4 c5 2.Nf3 e6 3.a3 Nc6 4.d4 cxd4 5.Nxd4 Nf6 6.Nc3 d6 7.Be2 Be7 8.Be3 
O-O 9.O-O e5 10.Nxc6 bxc6 11.f4 exf4 12.Bxf4 Qb6+ 13.Kh1 Qxb2 14.Qd3 Ba6 
15.Qd2 Qb7 16.Bxa6 Qxa6 17.Bxd6 Rad8 18.e5 Bxd6 19.exf6 Rfe8 20.Qg5 g6 21.
a4 Qc4 22.Rf3 Re5 23.Qd2 Qh4 24.g3 Qh3 25.Rd3 Re6 26.Ne4 Rxe4 27.Rxd6 Rde8
28.Rd8 Qf5 29.Rxe8+ Rxe8 30.Qd4 c5 31.Qc3 Re5 32.Kg1 Qxf6 33.Rd1 Qe7 34.
Rb1 h5 35.a5 a6 36.h3 Kh7 37.Rf1 Re2 38.Qc4 f5 39.Qf4 Rxc2 40.g4 Qb7 41.
Qg3 fxg4 42.hxg4 Qg7 43.Rd1 c4 44.Qf3 Rc3 45.Qf4 Qa7+ 46.Kf1 Qb7 47.Kg1 
Rf3 48.Qe5 h4 0-1

[Event "22nd Reykjavik op"]
[Site "Reykjavik ISL"]
[Date "2006.03.06"]
[Round "1.24"]
[White "Sanchez Castillo, Sarai"]
[Black "Panchanathan, Magesh Chandran"]
[WhiteElo "2177"]
[BlackElo "2494"]
[Result "1/2-1/2"]
[EventDate "2006.03.06"]
[PlyCount "150"]

1.e4 e5 2.d4 d6 3.Nc3 Nd7 4.Nf3 Ngf6 5.Bc4 Be7 6.O-O O-O 7.Bb3 c6 8.Bg5 b5
9.a3 a6 10.Qe2 h6 11.Bh4 Nh5 12.Bg3 Nxg3 13.hxg3 Qb6 14.Rad1 exd4 15.Nxd4 
Nc5 16.Nxc6 Bg5 17.Rxd6 Qc7 18.e5 Nxb3 19.cxb3 Re8 20.Rfd1 Bb7 21.Nb4 Qc5 
22.e6 Kh8 23.Qg4 fxe6 24.Rxe6 Rf8 25.Qe2 Bf6 26.Nd3 Qc8 27.Nf4 Rd8 28.
Rxd8+ Qxd8 29.Ng6+ Kh7 30.Nf4 Rc8 31.Ne4 Be7 32.Qh5 Bf8 33.Qf5+ Kg8 34.Qg6
Bxe4 35.Qxe4 Qd1+ 36.Kh2 Rc1 37.Kh3 Qxb3 38.Re8 Rh1+ 39.Kg4 Qd1+ 40.Qe2 
Qd6 41.Qe6+ Qxe6+ 42.Nxe6 Kf7 43.Rxf8+ Kxe6 44.Ra8 Rb1 45.Rxa6+ Kd5 46.b4 
Rb2 47.f4 Rxg2 48.Rg6 Ra2 49.Rxg7 Rxa3 50.Rc7 h5+ 51.Kh4 Rb3 52.Rc5+ Ke6 
53.Rxb5 Kf6 54.Rb8 Kf5 55.Rb5+ Kf6 56.Rxh5 Rxb4 57.Rg5 Ra4 58.Kh5 Rb4 59.
Rc5 Rb3 60.Rg5 Ra3 61.Rg8 Rb3 62.Kh4 Rb4 63.Rf8+ Kg7 64.Rf5 Kg6 65.g4 Rb1 
66.Re5 Rh1+ 67.Kg3 Rg1+ 68.Kf3 Rf1+ 69.Ke4 Re1+ 70.Kd5 Rg1 71.f5+ Kg5 72.
Ke6 Rxg4 73.f6+ Kg6 74.Ke7 Ra4 75.Re6 Ra7+ 1/2-1/2

[Event "22nd Reykjavik op"]
[Site "Reykjavik ISL"]
[Date "2006.03.06"]
[Round "1.25"]
[White "Brynell, Stellan"]
[Black "Baldursson, Hrannar"]
[WhiteElo "2493"]
[BlackElo "2174"]
[Result "1-0"]
[EventDate "2006.03.06"]
[PlyCount "73"]

1.d4 Nf6 2.c4 c5 3.d5 e6 4.Nc3 exd5 5.cxd5 d6 6.Nf3 g6 7.Bf4 a6 8.Nd2 Nh5 
9.Qa4+ Qd7 10.Qe4+ Kd8 11.Nc4 Qc7 12.Bg5+ f6 13.Bh4 Be7 14.g4 Ng7 15.a4 
Nd7 16.a5 b5 17.axb6 Nxb6 18.Na5 Bd7 19.Bg2 Re8 20.O-O f5 21.Bxe7+ Rxe7 
22.Qf4 fxg4 23.Qf8+ Ne8 24.Ne4 Ra7 25.Ng5 Bb5 26.Rfd1 Re5 27.Ne6+ Rxe6 28.
dxe6 Qe7 29.Qf4 Qxe6 30.Nb7+ Ke7 31.Qh6 Qf7 32.Qh4+ Kf8 33.Nxd6 Qe7 34.
Qh6+ Kg8 35.Nxb5 axb5 36.Rxa7 Qxa7 37.Qe3 1-0

[Event "22nd Reykjavik op"]
[Site "Reykjavik ISL"]
[Date "2006.03.06"]
[Round "1.26"]
[White "Andersson, Christin"]
[Black "Kristjansson, Stefan"]
[WhiteElo "2170"]
[BlackElo "2476"]
[Result "1-0"]
[EventDate "2006.03.06"]
[PlyCount "107"]

1.e4 c5 2.Nf3 e6 3.c3 d5 4.exd5 Qxd5 5.d4 Nf6 6.Be3 Be7 7.dxc5 Qxd1+ 8.
Kxd1 Nc6 9.b4 Ng4 10.Bb5 Nxe3+ 11.fxe3 Bd7 12.Nd4 a5 13.Bxc6 Bxc6 14.Nxc6 
bxc6 15.a3 Bf6 16.Ra2 Ke7 17.Rd2 Be5 18.Kc2 f5 19.g3 h5 20.e4 h4 21.Rg1 
hxg3 22.hxg3 g5 23.exf5 exf5 24.Rf1 Raf8 25.Re2 Kf6 26.Nd2 g4 27.bxa5 Ra8 
28.Ne4+ Kg6 29.Nd6 Bxd6 30.Re6+ Kg5 31.cxd6 Rxa5 32.d7 Rd5 33.Rd1 Rxd1 34.
Kxd1 Rd8 35.Rd6 f4 36.gxf4+ Kxf4 37.c4 c5 38.Rd5 Kg3 39.Ke2 Kh2 40.a4 g3 
41.Rh5+ Kg1 42.Rh7 g2 43.a5 Rh8 44.a6 Re8+ 45.Kf3 Rf8+ 46.Ke4 Kf2 47.Rg7 
Rd8 48.a7 g1=Q 49.Rxg1 Kxg1 50.Ke5 Kf2 51.Kd6 Ra8 52.Kxc5 Ke3 53.Kd6 Kd4 
54.c5 1-0

[Event "22nd Reykjavik op"]
[Site "Reykjavik ISL"]
[Date "2006.03.06"]
[Round "1.29"]
[White "Ermenkov, Evgenij"]
[Black "Eichab, Charles"]
[WhiteElo "2462"]
[BlackElo "2157"]
[Result "1-0"]
[EventDate "2006.03.06"]
[PlyCount "41"]

1.c4 b6 2.Nc3 e6 3.e4 Bb4 4.Nge2 Ne7 5.g3 O-O 6.Bg2 Bb7 7.O-O f5 8.a3 Bxc3
9.Nxc3 c5 10.b4 Nbc6 11.Rb1 Rb8 12.d3 Nd4 13.Re1 d6 14.Ne2 Nec6 15.Nf4 e5 
16.Nd5 Ne7 17.f4 Nxd5 18.exd5 Qc7 19.Qd2 Rbe8 20.bxc5 bxc5 21.fxe5 1-0

[Event "22nd Reykjavik op"]
[Site "Reykjavik ISL"]
[Date "2006.03.06"]
[Round "1.30"]
[White "Thorsteinsdottir, Gudlaug"]
[Black "Thorhallsson, Throstur"]
[WhiteElo "2147"]
[BlackElo "2455"]
[Result "0-1"]
[EventDate "2006.03.06"]
[PlyCount "74"]

1.d4 d5 2.Nf3 Nf6 3.g3 e6 4.Bg2 Be7 5.O-O O-O 6.c4 dxc4 7.Nc3 a6 8.Ne5 Ra7
9.a4 b6 10.Nxc4 Bb7 11.Bxb7 Rxb7 12.Qd3 Nc6 13.Qf3 Nd5 14.Rd1 Na5 15.Nxd5 
Qxd5 16.Qxd5 exd5 17.Nxa5 bxa5 18.Bf4 g5 19.Bc1 Rfb8 20.Kf1 f6 21.e3 Kf7 
22.Ke2 Ke6 23.g4 c5 24.dxc5 Bxc5 25.Rd3 Bd6 26.f4 Rb3 27.fxg5 fxg5 28.Rxb3
Rxb3 29.Ra2 Ke5 30.Bd2 Bb4 31.Bc1 Ke4 32.Kd1 Kd3 33.Ra1 h6 34.Ra2 d4 35.
exd4 Kxd4 36.Ke2 Rh3 37.Ra1 Ke4 0-1

[Event "22nd Reykjavik op"]
[Site "Reykjavik ISL"]
[Date "2006.03.06"]
[Round "1.31"]
[White "Williams, Simon"]
[Black "Thorsteinsson, Erlingur"]
[WhiteElo "2452"]
[BlackElo "2147"]
[Result "1-0"]
[EventDate "2006.03.06"]
[PlyCount "55"]

1.d4 Nf6 2.c4 d6 3.Nf3 Bf5 4.Nc3 Nbd7 5.Nh4 Bg6 6.d5 Nb6 7.Nxg6 hxg6 8.e4 
Qd7 9.a4 a5 10.Be3 Nc8 11.c5 e5 12.c6 bxc6 13.dxc6 Qe6 14.Nd5 Nxd5 15.exd5
Qf6 16.Qb3 Nb6 17.Bxb6 Rb8 18.Ba6 Rh4 19.Bb7 Rb4 20.Qh3 Qe7 21.Bxa5 Re4+ 
22.Kf1 f5 23.Bc3 Qg5 24.a5 Qf4 25.Qf3 Ra4 26.Qxf4 Rxa1+ 27.Ke2 Rxh1 28.Qa4
1-0

[Event "22nd Reykjavik op"]
[Site "Reykjavik ISL"]
[Date "2006.03.06"]
[Round "1.32"]
[White "Halldorsson, Jon Arni"]
[Black "Tissir, Mohamed"]
[WhiteElo "2145"]
[BlackElo "2444"]
[Result "0-1"]
[EventDate "2006.03.06"]
[PlyCount "68"]

1.d4 e6 2.Nf3 Nf6 3.c4 d5 4.g3 dxc4 5.Qa4+ c6 6.Qxc4 b5 7.Qc2 Bb7 8.Bg2 
Nbd7 9.O-O c5 10.Nc3 a6 11.Bg5 Qb6 12.Rad1 Rc8 13.Qb1 cxd4 14.Bxf6 Nxf6 
15.Nxd4 Bxg2 16.Kxg2 Bc5 17.Nb3 Qb7+ 18.Kg1 Bb4 19.Rd3 O-O 20.Rc1 h5 21.
Nd1 h4 22.a3 Be7 23.Rxc8 Rxc8 24.Rc3 Rd8 25.Rd3 h3 26.f3 Ng4 27.Rxd8+ Bxd8
28.Qd3 Bb6+ 29.Kh1 Qc6 30.e4 Ne5 31.Qe2 a5 32.Nc3 a4 33.Nc1 Qc5 34.Qf1 
Nxf3 0-1

[Event "22nd Reykjavik op"]
[Site "Reykjavik ISL"]
[Date "2006.03.06"]
[Round "1.34"]
[White "Scheeff, Volker"]
[Black "Gaponenko, Inna"]
[WhiteElo "2142"]
[BlackElo "2437"]
[Result "0-1"]
[EventDate "2006.03.06"]
[PlyCount "108"]

1.e4 c5 2.c3 d5 3.exd5 Qxd5 4.d4 Nc6 5.dxc5 Qxd1+ 6.Kxd1 Nf6 7.Nf3 Bf5 8.
Bb5 e6 9.Be3 Ng4 10.b4 Nxe3+ 11.fxe3 Be7 12.Nbd2 Bf6 13.Nd4 O-O-O 14.Bxc6 
bxc6 15.Nxf5 Bxc3 16.Nd6+ Rxd6 17.cxd6 Bxa1 18.Kc2 Bf6 19.Nc4 Kd7 20.Rb1 
Rb8 21.Rb3 e5 22.e4 Ke6 23.a3 h5 24.Rd3 Rd8 25.Kb3 g6 26.Rc3 Bh4 27.g3 Bg5
28.Kc2 Bh6 29.Na5 Rxd6 30.Rxc6 Rxc6+ 31.Nxc6 Be3 32.Kd3 Bg1 33.h3 f5 34.a4
Kd6 35.b5 a6 36.Nb4 axb5 37.axb5 Bf2 38.g4 fxg4 39.hxg4 hxg4 40.Nd5 Bh4 
41.Ke2 Bg5 42.Kf2 Bf4 43.Nf6 g3+ 44.Kf3 Kc5 45.Nd5 Kxb5 46.Ne7 g5 47.Nd5 
Kc4 48.Nf6 Kd3 49.Ng4 Kd2 50.Nf6 Kd1 51.Ng4 Ke1 52.Kg2 Ke2 53.Nf6 Ke3 54.
Kg1 Kf3 0-1

[Event "22nd Reykjavik op"]
[Site "Reykjavik ISL"]
[Date "2006.03.06"]
[Round "1.35"]
[White "Gunnarsson, Jon Viktor"]
[Black "Ragnarsson, Johann"]
[WhiteElo "2421"]
[BlackElo "2134"]
[Result "1-0"]
[EventDate "2006.03.06"]
[PlyCount "89"]

1.e4 c6 2.d4 d5 3.Nc3 dxe4 4.Nxe4 Bf5 5.Ng3 Bg6 6.h4 h6 7.Nf3 Nd7 8.h5 Bh7
9.Bd3 Bxd3 10.Qxd3 Qc7 11.Bd2 Ngf6 12.O-O-O e6 13.Kb1 Bd6 14.Ne4 Nxe4 15.
Qxe4 O-O-O 16.c4 Nf6 17.Qe2 c5 18.Bc3 cxd4 19.Nxd4 a6 20.Nf3 Qc5 21.Ne5 
Bxe5 22.Bxe5 Rxd1+ 23.Rxd1 Rd8 24.Re1 Qa5 25.Bxf6 Qf5+ 26.Qc2 Qxf6 27.f3 
Qh4 28.Qc3 Qxh5 29.Qxg7 Qf5+ 30.Ka1 Qc2 31.a3 Qxc4 32.Qxf7 Kb8 33.Qf6 Rd2 
34.Qxh6 Qd4 35.Qf8+ Ka7 36.Qb4 e5 37.Qxd4+ exd4 38.g4 d3 39.g5 Re2 40.Rd1 
Re3 41.f4 Kb6 42.g6 Kc5 43.f5 Kd6 44.g7 Rg3 45.Rxd3+ 1-0

[Event "22nd Reykjavik op"]
[Site "Reykjavik ISL"]
[Date "2006.03.06"]
[Round "1.40"]
[White "Bjornsson, Sverrir Orn"]
[Black "D`Costa, Lorin"]
[WhiteElo "2108"]
[BlackElo "2386"]
[Result "0-1"]
[EventDate "2006.03.06"]
[PlyCount "98"]

1.c4 e5 2.Nc3 Nf6 3.Nf3 Nc6 4.a3 h6 5.d4 e4 6.Ne5 Bd6 7.f4 exf3 8.Nxf3 Be7
9.e4 d6 10.Be2 O-O 11.O-O Bg4 12.Kh1 Bh5 13.d5 Nb8 14.Nd4 Bg6 15.Nf5 Nfd7 
16.Nb5 Bf6 17.Nbd4 Re8 18.Bf3 Nc5 19.Qc2 Bxd4 20.Nxd4 Nxe4 21.Bxe4 Rxe4 
22.Qf2 Nd7 23.Bd2 Ne5 24.Bc3 Qd7 25.b3 Re8 26.Qd2 a6 27.Rae1 Ng4 28.Rxe4 
Rxe4 29.Nf3 Qe7 30.Ba1 Ne3 31.Re1 Nc2 32.Rxe4 Bxe4 33.Bc3 f6 34.Qe2 Kf7 
35.a4 Bh7 36.Qxe7+ Kxe7 37.Kg1 Kd7 38.Kf2 Bd3 39.g3 h5 40.Nd2 b5 41.cxb5 
axb5 42.axb5 Bxb5 43.Nf3 Bd3 44.Nd2 Kc8 45.h4 Kb7 46.Ba5 Bh7 47.Ke2 Nd4+ 
48.Ke3 Nf5+ 49.Kf4 Ne7 0-1

[Event "22nd Reykjavik op"]
[Site "Reykjavik ISL"]
[Date "2006.03.06"]
[Round "1.42"]
[White "Magnusson, Bjarni"]
[Black "Hardarson, Robert"]
[WhiteElo "2016"]
[BlackElo "2369"]
[Result "1-0"]
[EventDate "2006.03.06"]
[PlyCount "99"]

1.d4 Nf6 2.Nf3 c5 3.d5 e6 4.c4 b5 5.b3 Bb7 6.dxe6 fxe6 7.cxb5 Qa5+ 8.Qd2 
Qxb5 9.Nc3 Qa5 10.e3 Nc6 11.Nb5 Qxd2+ 12.Nxd2 O-O-O 13.Ba3 Kb8 14.Be2 a6 
15.Nc3 Nb4 16.Rc1 Bxg2 17.Rg1 Bb7 18.Bb2 d6 19.a3 Nbd5 20.Nc4 Nxc3 21.Bxc3
Nd5 22.Ba5 Nc7 23.b4 g6 24.bxc5 dxc5 25.Bg4 Re8 26.Bc3 Rg8 27.Be5 Bd5 28.
Rb1+ Ka7 29.Bxc7 Bxc4 30.Bb6+ Ka8 31.Be2 Bxe2 32.Kxe2 Rg7 33.Rgc1 Rc8 34.
Rc4 Rb7 35.Ra4 c4 36.Rxa6+ Kb8 37.Ba7+ Kc7 38.Bb6+ Kd7 39.Rd1+ Ke8 40.Ba5 
Kf7 41.Bc3 Rb3 42.Rd7+ Ke8 43.Rxh7 Rxc3 44.Rxe6+ Kd8 45.Rxg6 Rxa3 46.Rg8 
Ra2+ 47.Kf3 Ke8 48.Rxf8+ Kxf8 49.Rh8+ Ke7 50.Rxc8 1-0

[Event "22nd Reykjavik op"]
[Site "Reykjavik ISL"]
[Date "2006.03.06"]
[Round "1.43"]
[White "Gara, Anita"]
[Black "Trifunovic, Dusan"]
[WhiteElo "2367"]
[BlackElo "2012"]
[Result "1-0"]
[EventDate "2006.03.06"]
[PlyCount "51"]

1.e4 e5 2.Nf3 Nc6 3.Bb5 Nd4 4.Nxd4 exd4 5.O-O Bc5 6.d3 Ne7 7.Bg5 c6 8.Ba4 
d6 9.f4 f6 10.Bh4 Be6 11.f5 Bf7 12.Qg4 Rg8 13.Bb3 Bxb3 14.axb3 Kd7 15.Nd2 
Qc7 16.Bf2 Bb6 17.Nc4 a6 18.c3 d5 19.exd5 cxd5 20.Nxb6+ Qxb6 21.b4 Nc6 22.
Qf3 Qb5 23.Bg3 Rad8 24.Qf4 Qb6 25.Qd6+ Kc8 26.Qe6+ 1-0

[Event "22nd Reykjavik op"]
[Site "Reykjavik ISL"]
[Date "2006.03.06"]
[Round "1.45"]
[White "Kujovic, Michal"]
[Black "Thorgeirsson, Sverrir"]
[WhiteElo "2344"]
[BlackElo "1954"]
[Result "1-0"]
[EventDate "2006.03.06"]
[PlyCount "53"]

1.e4 e6 2.d4 d5 3.e5 c5 4.c3 Nc6 5.Nf3 Qb6 6.Be2 f6 7.O-O cxd4 8.cxd4 fxe5
9.dxe5 Nge7 10.Nc3 g6 11.Be3 Qd8 12.Nb5 Nf5 13.Bg5 Qd7 14.g4 Ng7 15.Rc1 a6
16.Nbd4 Nxd4 17.Nxd4 Be7 18.f4 O-O 19.Bh6 Bd8 20.Qb3 b5 21.Rc6 Qa7 22.Qe3 
Bb6 23.Rxb6 Qxb6 24.Bxg7 Rf7 25.Bf6 Bd7 26.h4 h5 27.gxh5 1-0

[Event "22nd Reykjavik op"]
[Site "Reykjavik ISL"]
[Date "2006.03.06"]
[Round "1.46"]
[White "Kristjansson, Atli Freyr"]
[Black "Sigfusson, Sigurdur"]
[WhiteElo "1922"]
[BlackElo "2339"]
[Result "0-1"]
[EventDate "2006.03.06"]
[PlyCount "104"]

1.d4 Nf6 2.c4 e6 3.Nc3 Bb4 4.e3 O-O 5.Bd3 d5 6.Nf3 c5 7.O-O cxd4 8.exd4 
dxc4 9.Bxc4 Nbd7 10.Bg5 a6 11.Qe2 b5 12.Bd3 Bb7 13.Ne5 Bxc3 14.bxc3 Nb6 
15.f4 Nbd5 16.Qf3 Qc7 17.Qh3 Qxc3 18.Rad1 g6 19.Kh1 Qb2 20.Rf3 Rac8 21.f5 
exf5 22.Bxf5 Qe2 23.Rg1 Ne4 24.Bxe4 Qxe4 25.Nd7 f5 26.Nxf8 Rxf8 27.Qh4 
Qxh4 28.Bxh4 Rc8 29.Rf2 Rc4 30.Rd2 h6 31.Re1 g5 32.Bf2 Kf7 33.h3 Nf4 34.
Be3 Nxg2 35.Rxg2 Rc2 36.Rg1 Rc3 37.Re1 Rc2 38.Rg1 f4 39.d5 Bxd5 40.Bb6 
Rxa2 41.Kh2 Bxg2 42.Rxg2 Rxg2+ 43.Kxg2 Ke6 44.Kf3 Kf5 45.Ba5 h5 46.Bb4 g4+
47.hxg4+ hxg4+ 48.Kf2 Ke4 49.Bd2 f3 50.Ba5 Kd3 51.Kg1 Ke2 52.Bb6 g3 0-1

[Event "22nd Reykjavik op"]
[Site "Reykjavik ISL"]
[Date "2006.03.06"]
[Round "1.47"]
[White "Thorfinnsson, Bjorn"]
[Black "Palsson, Svanberg Mar"]
[WhiteElo "2337"]
[BlackElo "1720"]
[Result "1-0"]
[EventDate "2006.03.06"]
[PlyCount "93"]

1.d4 d5 2.Bg5 c6 3.Nf3 Nd7 4.e3 Ngf6 5.Nbd2 e6 6.Bd3 h6 7.Bh4 Be7 8.Qe2 
O-O 9.h3 b6 10.g4 Bb7 11.Rg1 c5 12.c3 c4 13.Bc2 Ne4 14.Bxe7 Qxe7 15.Nxe4 
dxe4 16.Nd2 e5 17.O-O-O exd4 18.exd4 b5 19.Bxe4 Rfe8 20.Rde1 Qf8 21.Qd1 
Bxe4 22.Rxe4 Rxe4 23.Nxe4 Re8 24.Ng3 b4 25.cxb4 Qxb4 26.Qd2 Qa4 27.Kb1 Nb6
28.Re1 Rd8 29.Ne4 c3 30.Nxc3 Rxd4 31.Nxa4 Rxd2 32.Nxb6 axb6 33.Re8+ Kh7 
34.Rb8 Rxf2 35.Rxb6 Rf3 36.a4 Rxh3 37.a5 Re3 38.a6 Re8 39.a7 Ra8 40.Rb7 h5
41.gxh5 f5 42.b4 f4 43.b5 f3 44.b6 Rf8 45.Rb8 Rf5 46.a8=Q f2 47.Rh8# 1-0

[Event "22nd Reykjavik op"]
[Site "Reykjavik ISL"]
[Date "2006.03.06"]
[Round "1.48"]
[White "Omarsson, Dadi"]
[Black "Olafsson, David"]
[WhiteElo "1714"]
[BlackElo "2319"]
[Result "0-1"]
[EventDate "2006.03.06"]
[PlyCount "130"]

1.e4 d5 2.exd5 Nf6 3.d4 Nxd5 4.c4 Nf6 5.Nf3 g6 6.Nc3 Bg7 7.Be2 O-O 8.O-O 
c6 9.Be3 Nbd7 10.Qd2 Nb6 11.h3 Bf5 12.Bh6 Qc7 13.Bxg7 Kxg7 14.Qe3 Rad8 15.
Rfd1 Rfe8 16.Qe5 Qxe5 17.dxe5 Nfd7 18.Rd2 Nxe5 19.Rxd8 Nxf3+ 20.Bxf3 Rxd8 
21.b3 Rd3 22.Rc1 Nd7 23.Be4 Rxc3 24.Rxc3 Bxe4 25.Re3 Nf6 26.f3 Bb1 27.Rxe7
Bxa2 28.Rxb7 a5 29.Kf2 a4 30.bxa4 Bxc4 31.Ke3 c5 32.a5 Nd5+ 33.Ke4 Kf6 34.
f4 Ke6 35.g4 Kd6 36.Rb8 Nb4 37.Rd8+ Kc6 38.Rh8 Bd5+ 39.Ke3 Kb5 40.Rxh7 Nc6
41.h4 Nxa5 42.h5 gxh5 43.gxh5 Nc4+ 44.Ke2 Nd6 45.Rh8 Kc4 46.h6 Ne4 47.Rg8 
Nf6 48.Rg7 Kd4 49.h7 Nxh7 50.Rxh7 Ke4 51.Rh4 f5 52.Rh1 Kxf4 53.Rc1 c4 54.
Rc3 Ke4 55.Kd2 f4 56.Ke2 Kd4 57.Kd2 f3 58.Rc1 Be4 59.Ke1 c3 60.Kf2 Bd5 61.
Rd1+ Kc4 62.Ke3 c2 63.Rc1 Kc3 64.Rf1 Bc4 65.Rc1 Be2 0-1

[Event "22nd Reykjavik op"]
[Site "Reykjavik ISL"]
[Date "2006.03.07"]
[Round "2.4"]
[White "Fressinet, Laurent"]
[Black "Gunnarsson, Jon Viktor"]
[WhiteElo "2625"]
[BlackElo "2421"]
[Result "1-0"]
[EventDate "2006.03.06"]
[PlyCount "41"]

1.d4 Nf6 2.Nf3 c5 3.d5 b5 4.Bg5 Ne4 5.Bf4 Qb6 6.a4 b4 7.a5 Qg6 8.g3 d6 9.
Bg2 f5 10.Nbd2 Nxd2 11.Bxd2 Na6 12.O-O Nc7 13.c3 bxc3 14.Bxc3 Bd7 15.Re1 
Qh5 16.Qb3 Nb5 17.e4 fxe4 18.Nd2 a6 19.Nxe4 O-O-O 20.Qc4 Kb8 21.Nxc5 1-0

[Event "22nd Reykjavik op"]
[Site "Reykjavik ISL"]
[Date "2006.03.07"]
[Round "2.6"]
[White "Rocha, Sergio"]
[Black "Sargissian, Gabriel"]
[WhiteElo "2405"]
[BlackElo "2603"]
[Result "0-1"]
[EventDate "2006.03.06"]
[PlyCount "56"]

1.e4 e5 2.Nf3 Nc6 3.Bb5 Nf6 4.d3 Bc5 5.O-O Nd4 6.Nxd4 Bxd4 7.c3 Bb6 8.Be3 
O-O 9.Bxb6 axb6 10.f4 Qe7 11.d4 exf4 12.e5 Nd5 13.Qf3 c6 14.Bd3 d6 15.Re1 
Qh4 16.Nd2 Bg4 17.Qf1 dxe5 18.Rxe5 Rfe8 19.Rxe8+ Rxe8 20.Be4 Be6 21.Nf3 
Qh6 22.Qf2 Ne3 23.Bd3 Bd5 24.h3 Nxg2 25.Kxg2 Bxf3+ 26.Kh2 Re3 27.Re1 Qe6 
28.Qh4 Rxe1 0-1

[Event "22nd Reykjavik op"]
[Site "Reykjavik ISL"]
[Date "2006.03.07"]
[Round "2.7"]
[White "Jonsson, Bjorgvin"]
[Black "Stefansson, Hannes"]
[WhiteElo "2392"]
[BlackElo "2585"]
[Result "1/2-1/2"]
[EventDate "2006.03.06"]
[PlyCount "32"]

1.e4 e5 2.Nf3 Nc6 3.Bb5 a6 4.Bxc6 dxc6 5.O-O f6 6.d4 exd4 7.Nxd4 c5 8.Nb3 
Qxd1 9.Rxd1 Bg4 10.f3 Be6 11.Bf4 c4 12.Nd4 O-O-O 13.Nc3 Bc5 14.Be3 Bxd4 
15.Rxd4 Rxd4 16.Bxd4 Ne7 1/2-1/2

[Event "22nd Reykjavik op"]
[Site "Reykjavik ISL"]
[Date "2006.03.07"]
[Round "2.8"]
[White "Hamdouchi, Hichem"]
[Black "Gara, Anita"]
[WhiteElo "2575"]
[BlackElo "2367"]
[Result "1-0"]
[EventDate "2006.03.06"]
[PlyCount "69"]

1.e4 e5 2.Bc4 Nf6 3.d3 c6 4.Nf3 d6 5.O-O Be7 6.c3 O-O 7.Bb3 Bg4 8.h3 Bh5 
9.Re1 Nbd7 10.Nbd2 d5 11.Bc2 dxe4 12.dxe4 Qc7 13.Nf1 Rfd8 14.Ng3 Bg6 15.
Nh4 Nc5 16.Qf3 Ne6 17.Ngf5 Bf8 18.Be3 Rd7 19.b4 Rad8 20.Rac1 a5 21.a3 axb4
22.axb4 Ra8 23.Bb3 Bxf5 24.Nxf5 Nf4 25.Bxf4 exf4 26.e5 Nd5 27.Nd4 Re8 28.
e6 fxe6 29.Nxe6 Qb8 30.Nxf4 Rxe1+ 31.Rxe1 Rf7 32.g3 Bd6 33.Bxd5 cxd5 34.
Qxd5 Bxf4 35.Re7 1-0